| 000 | 00356nam a2200145Ia 4500 | ||
|---|---|---|---|
| 008 | 150201s2006 xx 000 0 und d | ||
| 082 |
_a616.07 _bB06G |
||
| 100 | _aGUPTE , SATISH | ||
| 245 | _aTB. OF BLOOD BANK AND TRANSFUS IN MEDICINE | ||
| 250 | _a1ST | ||
| 260 |
_bJAYPEE _aDELHI _c2006 |
||
| 300 | _a1-198 | ||
| 650 | _aPATHOLOGY | ||
| 942 |
_2ddc _cBK _02 |
||
| 999 |
_c1338 _d1338 |
||